000 00498nam a2200181Ia 4500
008 220216s9999 xx 000 0 und d
100 _aDecker C
245 0 _aPhotocosslinking of functionalized rubbers. IV. Synthesis of rubbers bearing acrylate groups
260 _bEuropean Polymer Journal
_c1996
300 _a549-557
500 _aSource Year: 1996
650 _aPhotocrosslinking
650 _aRubber
700 _aLe Xuan H
700 _aViet T N T
856 _uIRRDB
942 _cJS
999 _c64904
_d64904